000 00431nam a2200145Ia 4500
008 150121s9999 xx 000 0 und d
020 _a1656-3352
245 _aUM Research Journal /
_h[electronic resource]
260 _bUniversity of Mindanao,
_c2012.
516 _aElectronic text
650 _aMultidisciplinary.
830 _aPhilippine E-Journals
856 _uhttp://www.ejournals.ph/index.php?journal=UMRJ
942 _cEJ
999 _c277089
_d277089